000 00300nam a22001337a 4500
008 170208b xxu||||| |||| 00| 0 eng d
020 _a9780323057578
041 _aeng
080 _28ED
_a61
100 _a4
101 _aSHM
245 _aVIRTUAL CLINICAL EXCURSIONS
_cDAVID WILSON
942 _2udc
_cBK
999 _c4952
_d4952